| 000 | 01209cab a2200361 4500 | ||
|---|---|---|---|
| 001 | ABS49147 | ||
| 008 | 090401t1993 xxu||||| |||| 00| 0 eng d | ||
| 035 | _a(Sirsi) u70183 | ||
| 041 | _aeng | ||
| 245 | _aHistoric centres | ||
| 260 | _c1993 | ||
| 350 | _a0 | ||
| 490 |
_aEstates Gazette _v(9331) 7 August 1993, 47-61(12) |
||
| 520 | _aSpecial feature on historic town centres including articles on the costs of development of sympathic office and retail space, draft planning policy guidance note 15 on conservation, the myriad of conservation bodies, the problems of traffic congestion and parking, introduction of quality retailing and relocation to these centres. | ||
| 650 | _aBATH | ||
| 650 | _aCAMBRIDGE | ||
| 650 | _aCONSERVATION AREAS | ||
| 650 | _aLOCAL DEVELOPMENT PLANS | ||
| 650 | _aDRAFT PLANNING POLICY GUIDANCE | ||
| 650 | _aENGLISH HERITAGE | ||
| 650 | _aENGLISH HISTORIC TOWNS FORUM | ||
| 650 | _aLISTED BUILDINGS | ||
| 650 | _aOFFICES | ||
| 650 | _aOXFORD | ||
| 650 | _aPPG15 | ||
| 650 | _aPPG15 | ||
| 650 | _aROYAL FINE ARTS COMMISSION | ||
| 650 | _aTRAFFIC CONGESTION | ||
| 650 | _aYORK | ||
| 690 | _aCONSERVATION | ||
| 942 | _n0 | ||
| 948 | _c04/03/1997 | ||
| 999 |
_c44152 _d44152 |
||